000 00676nam a2200265Ia 4500
005 20260121172613.0
008 008 260114s9999 xx 000 0 eng d
020 _a9783030704551
037 _aEBOOK
040 _aCRL
040 _beng
040 _cCRL
041 _2eng
041 _aeng
084 _qCRL
100 _aAntonino Carcione, Giuseppe Nicolo, Antonio Semerari
_91090442
245 0 _aComplex Cases of Personality Disorders
260 _bSpringer
260 _bSpringer
260 _c2021
856 _uhttps://link.springer.com/openurl?genre=book&isbn=978-3-030-70455-1
942 _cEBOOK
999 _c1656182
_d1656182